000 01163cam a2200229 4500
001 ##L134423
008 060804n2006 000 0 eng u
035 _a(Sirsi) u134423
041 0 _aeng
050 0 4 _a333.33016 $2 18
110 2 _aInvestment Property Databank
_92288
245 0 0 _aIPD UK quarterly index
_bsecond quarter 2006
260 _aLondon
_bIPD
_c2006
490 0 _aIPD UK Quarterly Index
520 _aReports total returns at 4.9% in the second quarter of 2006, an improvement on the 4.5% achieved last quarter. Income return fell to 1.2% from 1.3%, but there was an upturn in the rate of capital growth to 3.6%. Offices delivered the highest total returns at 6.1%, ahead of industrials at 4.7% and retails at 4.3%. This index reflects the performance of 7 430 properties valued at close to £108bn as at June 2006 and held in 177 separate funds.
590 _aIKA010806
650 2 4 _aIPD UK QUARTERLY INDEX
651 4 _aUnited Kingdom
_y
690 _aPROPERTY-COMMERCIAL PROPERTY-COMMERCIAL PROPERTY FINANCE AND INVESTMENT
856 4 0 _uhttps://www.ipdglobal.com/
_zView the item free of charge at www.ipdglobal.com...
942 _n0
999 _c105669
_d105669